मैं तुम्हारा आइना/ (Record no. 162535)
| 000 -LEADER | |
|---|---|
| fixed length control field | 00804nam a2200217Ia 4500 |
| 003 - CONTROL NUMBER IDENTIFIER | |
| control field | LDD |
| 005 - DATE AND TIME OF LATEST TRANSACTION | |
| control field | 20190415153435.0 |
| 008 - FIXED-LENGTH DATA ELEMENTS--GENERAL INFORMATION | |
| fixed length control field | 190117s9999 xx 000 0 und d |
| 020 ## - INTERNATIONAL STANDARD BOOK NUMBER | |
| International Standard Book Number | 9789382554745 |
| Terms of availability | ₹200 |
| 040 ## - CATALOGING SOURCE | |
| Transcribing agency | LDD |
| 041 ## - LANGUAGE CODE | |
| Language code of text/sound track or separate title | hi |
| 082 ## - DEWEY DECIMAL CLASSIFICATION NUMBER | |
| Edition number | 23 |
| Classification number | 8H1.71 नी6446मैं |
| 100 ## - MAIN ENTRY--PERSONAL NAME | |
| Personal name | नीरद, जयसिंह |
| Relator term | लेखक |
| 9 (RLIN) | 4965 |
| 245 #0 - TITLE STATEMENT | |
| Title | मैं तुम्हारा आइना/ |
| Statement of responsibility, etc. | जयसिंह नीरद |
| 260 ## - PUBLICATION, DISTRIBUTION, ETC. | |
| Name of publisher, distributor, etc. | नयी किताब |
| Date of publication, distribution, etc. | 2017 |
| Place of publication, distribution, etc. | दिल्ली |
| 300 ## - PHYSICAL DESCRIPTION | |
| Extent | 72 |
| 650 ## - SUBJECT ADDED ENTRY--TOPICAL TERM | |
| Topical term or geographic name entry element | हिंदी-कविता |
| 9 (RLIN) | 4966 |
| 901 ## - LOCAL DATA ELEMENT A, LDA (RLIN) | |
| a | STAR |
| 904 ## - LOCAL DATA ELEMENT D, LDD (RLIN) | |
| a | Reqst by : Satyakam |
| 942 ## - ADDED ENTRY ELEMENTS (KOHA) | |
| Source of classification or shelving scheme | Dewey Decimal Classification |
| Koha item type | Hindi Books |
| Edition | 23 |
| Classification part | 8H1.71 नी6446मैं |
| Withdrawn status | Lost status | Source of classification or shelving scheme | Damaged status | Not for loan | Home library | Current library | Date acquired | Total Checkouts | Full call number | Barcode | Date last seen | Price effective from | Koha item type |
|---|---|---|---|---|---|---|---|---|---|---|---|---|---|
| No | Dewey Decimal Classification | Library and Documentation Division | Library and Documentation Division | 01/17/2019 | 8H1.71 नी6446मैं | H021543 | 01/17/2019 | 01/17/2019 | Hindi Books |
